| 000 | 00759nam a2200193 a 4500 | ||
|---|---|---|---|
| 001 | 000133085 | ||
| 003 | AM-YeHGA | ||
| 005 | 20250617153740.0 | ||
| 008 | 990126s1961 ||||||||||||||||||||rus d | ||
| 040 | _aAM-YeHGA | ||
| 100 | 1 | _aСаакян, Р.А. | |
| 245 | 1 | 0 |
_aО вероятности захвата в задаче трех тел / _cР.А. Саакян. |
| 246 | 3 | 5 | _aԳրավման հավանականության հարցը երեք մարմինների խնդրում |
| 260 |
_aЕреван : _bИзд-во АН АрмССР, _c1961. |
||
| 300 | _a56 с. | ||
| 550 | _aАН Армянской ССР. Бюраканская обсерватория | ||
| 650 | 1 | 4 | _aАстрофизическая обсерватория |
| 090 | _c399318 | ||
| 999 |
_c397230 _d397230 |
||